عرض عادي
عرض مارك
- Joachain, C. J.
مدخل إسم شخص
001 - رقم الضبط
- حقل الضبط: 64075
003 - معرف رقم الضبط
- حقل الضبط: OSt
005 - تاريخ ووقت أخر عملية
- حقل الضبط: 20180815142354.0
008 - عناصر بيانات ثابتة الطول
- حقل تحكم ثابت الطول: 180815|| aca||aabn | a|a d
040 ## - مصدر الفهرسة
- هيئة الفهرسة الأصلية: OSt
- وكالة الكتابة: OSt
100 ## - مدخل -- أسم شخص
- إسم شخص: Joachain, C. J.
- الشكل الكامل للاسم: (Charles Jean)
670 ## - بيانات المصدر موجوده
- الاستشهاد بالمصدر: Work cat.: (OSt)0: Bransden, B. H., 1926- 64074, Physics of atoms and molecules /, c2003
